000
00292nam a2200109Ia 4500
008
190912s9999||||xx |||||||||||||| ||und||
100
_a
Vandevoorde, David
245
0
_a
C++ Solutions Companion to The C++ programming Language
260
_a
USA
_b
McGraw-Hill
_c
1998
300
_a
292
942
_c
BK
999
_c
7426
_d
7426